| 000 | 00525nam a2200193Ia 4500 | ||
|---|---|---|---|
| 005 | 20250324065428.0 | ||
| 008 | 240331s9999 xx 000 0 und d | ||
| 020 | _a1856492400 | ||
| 082 |
_bAGG _24010 _a303.6 |
||
| 100 | _aAgger, I | ||
| 245 | 4 |
_aThe Blue Room: _bTrauma and Testimony Among Refugee Women: A Psycho-Social Exploration |
|
| 260 |
_aLondon; _aNew Jersey, _bZed Books Ltd, _c1992 |
||
| 300 | _a138 p., | ||
| 650 | _aGender | ||
| 650 | _aWomen | ||
| 650 | _aBoundaries | ||
| 650 | _aSexual Trauma | ||
| 942 | _cL | ||
| 999 |
_c4574 _d4574 |
||